[Event "Women's Speed Chess Q2"]
[Site "chess.com INT"]
[Date "2020.06.19"]
[Round "9"]
[White "Shvedova, Alexandra"]
[Black "Diakonova, Ekaterina"]
[Result "1/2-1/2"]
[WhiteTitle "WFM"]
[WhiteElo "1994"]
[BlackElo "2209"]
[WhiteFideId "54154782"]
[BlackFideId "24172936"]
[EventDate "2020.06.19"]

1. e4 c6 2. d4 d5 3. Nc3 dxe4 4. Nxe4 Bf5 5. Ng3 Bg6 6. Nf3 Nf6 7. Bd3 Bxd3 8.
Qxd3 e6 9. c4 Bd6 10. O-O O-O 11. b3 Nbd7 12. Bb2 Qc7 13. Rad1 Rad8 14. Qc2 c5
15. Rfe1 a6 16. Ng5 cxd4 17. Bxd4 b5 18. Rc1 Bf4 19. Be3 Bxe3 20. Rxe3 Rc8 21.
N3e4 h6 22. Nxf6+ Nxf6 23. Ne4 Nxe4 24. Qxe4 Qa5 25. Qe5 Qd2 26. Rce1 bxc4 27.
Rg3 f6 28. Qxe6+ Kh8 29. bxc4 Qb4 30. Qe7 Qxe7 31. Rxe7 Rxc4 32. f3 Rc1+ 33. Kf2
Rc2+ 34. Ke3 g5 35. a4 Rc4 36. Rh3 Rc3+ 37. Kd2 Ra3 38. Rxh6+ Kg8 39. Rg6+ Kh8
40. Rgg7 Rd8+ 41. Kc2 Ra2+ 42. Kb3 Rxg2 43. Rh7+ Kg8 44. Reg7+ Kf8 45. Rf7+ Ke8
46. Re7+ Kf8 47. Ref7+ Kg8 48. Rfg7+ Kf8 49. Rf7+ 1/2-1/2

[Event "Women's Speed Chess Q2"]
[Site "chess.com INT"]
[Date "2020.06.19"]
[Round "9"]
[White "Mrudul, Dehankar"]
[Black "Goltseva, Ekaterina"]
[Result "1-0"]
[WhiteTitle "WIM"]
[BlackTitle "FM"]
[WhiteElo "2256"]
[BlackElo "2306"]
[WhiteFideId "25096990"]
[BlackFideId "24173770"]
[EventDate "2020.06.19"]

1. e4 e5 2. Nf3 Nc6 3. Bb5 a6 4. Ba4 Nf6 5. O-O Be7 6. Re1 b5 7. Bb3 d6 8. h3
O-O 9. c3 Nd7 10. d4 Bf6 11. Be3 Na5 12. Bc2 Nc4 13. Bc1 exd4 14. cxd4 c5 15. b3
cxd4 16. Nxd4 Qb6 17. Be3 Nxe3 18. fxe3 Bb7 19. Nc3 Rfe8 20. Rc1 Rac8 21. Nce2
Bxe4 22. Bxe4 Rxc1 23. Bxh7+ Kxh7 24. Qxc1 Nc5 25. Qc2+ Kg8 26. Nf5 Ne4 27. Nf4
Nc3 28. Kh1 g6 29. Nh6+ Kg7 30. Ng4 Qd8 31. Rf1 Ne4 32. Nd5 Ng3+ 33. Kg1 Nxf1
34. Ngxf6 Nxe3 35. Nxe8+ Qxe8 36. Qc3+ Qe5 37. Qxe5+ dxe5 38. Nxe3 f5 39. Nd5 e4
40. Nc7 Kf6 41. Nxa6 f4 42. Nc7 Ke5 43. Nxb5 e3 44. Kf1 Ke4 45. Ke2 g5 46. a4
Kd5 47. Nc3+ Kc5 48. Ne4+ Kb4 49. Nxg5 Kxb3 50. h4 1-0

[Event "Women's Speed Chess Q2"]
[Site "chess.com INT"]
[Date "2020.06.19"]
[Round "9"]
[White "Khalafova, Narmin"]
[Black "Berzina, Ilze"]
[Result "1-0"]
[WhiteTitle "WGM"]
[BlackTitle "WGM"]
[WhiteElo "2279"]
[BlackElo "2192"]
[WhiteFideId "13402625"]
[BlackFideId "11601345"]
[EventDate "2020.06.19"]

1. e4 c6 2. Nc3 d5 3. Nf3 Nf6 4. e5 Ne4 5. Ne2 Qb6 6. d4 e6 7. Nfg1 f6 8. f3 Ng5
9. h4 Nf7 10. exf6 gxf6 11. f4 c5 12. Nf3 Nc6 13. c3 cxd4 14. cxd4 Bd7 15. g3
Bb4+ 16. Kf2 Nd6 17. Bh3 Ne4+ 18. Kg2 Rg8 19. Be3 O-O-O 20. Rc1 e5 21. fxe5
Bxh3+ 22. Kxh3 fxe5 23. Nxe5 Kb8 24. Nxc6+ bxc6 25. Bf4+ Ka8 26. Rf1 Rg6 27. a3
Bd6 28. Bxd6 Rgxd6 29. Nc3 Nxc3 30. bxc3 Qb7 31. Rb1 Qc7 32. Qf3 Rg6 33. Qf4
Qd7+ 34. Kh2 Rdg8 35. Rg1 Rg4 36. Qe5 Qf7 37. Rbf1 Qd7 38. Qf6 Re4 39. Rf2 h5
40. Rb1 Qc7 41. Rg1 Reg4 42. Kh3 Qd7 43. Kh2 Qc7 44. Rf4 Qb7 45. Rxg4 hxg4 46.
Qe6 Rf8 47. Rg2 Qc7 48. h5 Rh8 49. h6 Qb7 50. Rf2 Qc7 51. Rf6 Qb7 52. Qxc6 Qxc6
53. Rxc6 Kb7 54. Rg6 Rh7 55. Kg2 Kb8 56. Rg8+ Kc7 57. Rg7+ 1-0

[Event "Women's Speed Chess Q2"]
[Site "chess.com INT"]
[Date "2020.06.19"]
[Round "9"]
[White "Zvereva, Margarita"]
[Black "Protopopova, Anastasiya"]
[Result "0-1"]
[WhiteTitle "WFM"]
[BlackTitle "WFM"]
[WhiteElo "1929"]
[BlackElo "2192"]
[WhiteFideId "34177741"]
[BlackFideId "24172073"]
[EventDate "2020.06.19"]

1. d4 Nf6 2. Nf3 b6 3. e3 Bb7 4. Bd3 g6 5. O-O Bg7 6. c4 O-O 7. Nc3 e6 8. b3 d6
9. Bb2 Nbd7 10. Qe2 Qe7 11. e4 e5 12. dxe5 dxe5 13. Nd5 Nxd5 14. exd5 Rae8 15.
Bc2 f5 16. Rfe1 e4 17. Bxg7 Qxg7 18. Ng5 Nc5 19. b4 h6 20. bxc5 hxg5 21. cxb6
axb6 22. a4 Ra8 23. Qd2 g4 24. a5 Qf6 25. Ra4 bxa5 26. Rxa5 Rxa5 27. Qxa5 Qd6
28. Qb5 Ba6 29. Qb3 Qc5 30. Ra1 Bxc4 31. Qc3 Qxd5 32. Rd1 Qe6 33. Rd4 Ba2 34.
Ra4 Rb8 35. Ra5 Bb3 36. Bxb3 Qxb3 37. Qxb3+ Rxb3 38. g3 Rb1+ 39. Kg2 Rc1 40.
Ra8+ Kf7 41. Re8 Kxe8 42. h3 c5 43. hxg4 fxg4 44. f3 c4 45. Kf2 exf3 46. Ke3 c3
47. Kf4 f2 48. Kxg4 f1=Q 49. Kg5 Qf5+ 50. Kh6 Rh1+ 51. Kg7 Qf7# 0-1

[Event "Women's Speed Chess Q2"]
[Site "chess.com INT"]
[Date "2020.06.19"]
[Round "9"]
[White "Toncheva, Nadya"]
[Black "Khomeriki, Nino"]
[Result "1-0"]
[WhiteTitle "WFM"]
[BlackTitle "WGM"]
[WhiteElo "2064"]
[BlackElo "2319"]
[WhiteFideId "2924056"]
[BlackFideId "13603191"]
[EventDate "2020.06.19"]

1. e4 e5 2. Nf3 Nc6 3. Bb5 a6 4. Ba4 Nf6 5. O-O Be7 6. c3 b5 7. Bc2 O-O 8. h3 d6
9. Re1 h6 10. a4 b4 11. d4 bxc3 12. bxc3 Re8 13. Nbd2 Bf8 14. Nf1 exd4 15. cxd4
Nb4 16. Bb1 Bb7 17. Qb3 a5 18. Ng3 c5 19. dxc5 dxc5 20. Bf4 g6 21. Ne5 Re6 22.
Nxg6 c4 23. Qxc4 Rc8 24. Qb3 Nfd5 25. Nxf8 Qxf8 26. Bd2 Nb6 27. Nf5 Nc4 28. Qg3+
Kh7 29. Bf4 Rg6 30. Qh4 Rc5 31. Ne3 Ba8 32. e5 Nxe3 33. Bxg6+ fxg6 34. Bxe3 Rxe5
35. Qf4 Qxf4 36. Bxf4 Rxe1+ 37. Rxe1 Nd3 38. Re7+ Kg8 39. Bxh6 Bc6 40. Ra7 Bxa4
41. Rxa5 Be8 42. Ra8 Kf7 43. Be3 Ne5 44. Ra7+ Ke6 45. Bg5 Bc6 46. h4 Kf5 47. Ra5
Ke6 48. Bf4 Nd3 49. Be3 Ne5 50. Ra6 Kf5 51. f4 Ng4 52. Rxc6 Nxe3 53. g3 Kg4 54.
Rxg6+ Kh3 55. Rg8 Nf5 56. Kf2 Nd4 57. Ke3 Nf5+ 58. Ke4 Nxg3+ 59. Rxg3+ Kxh4 60.
f5 Kh5 61. f6 1-0

[Event "Women's Speed Chess Q2"]
[Site "chess.com INT"]
[Date "2020.06.19"]
[Round "9"]
[White "Arakhamia-Grant, Ketevan"]
[Black "Matveeva, Olga"]
[Result "0-1"]
[WhiteTitle "GM"]
[BlackTitle "WIM"]
[WhiteElo "2380"]
[BlackElo "2171"]
[WhiteFideId "13600168"]
[BlackFideId "24107018"]
[EventDate "2020.06.19"]

1. e4 e6 2. d4 d5 3. Nc3 Nf6 4. e5 Nfd7 5. f4 c5 6. Nf3 Nc6 7. Be3 cxd4 8. Nxd4
Bc5 9. Qd2 O-O 10. O-O-O a6 11. h4 Nxd4 12. Bxd4 b5 13. h5 b4 14. Na4 Bxd4 15.
Qxd4 a5 16. Bb5 Qc7 17. Kb1 Rb8 18. Bd3 Bb7 19. b3 Rfc8 20. g4 Bc6 21. Nb2 Qb6
22. Qxb6 Rxb6 23. g5 Nc5 24. Rhg1 Bb5 25. g6 fxg6 26. hxg6 h6 27. Rdf1 Re8 28.
Re1 a4 29. bxa4 Nxa4 30. Nxa4 Bxa4 31. f5 exf5 32. Bxf5 Kf8 33. Rgf1 Ke7 34. Bd3
Rf8 35. Rxf8 Kxf8 36. Rf1+ Kg8 37. Rf7 Be8 38. Re7 Bxg6 39. e6 Bxd3 40. cxd3 h5
41. Re8+ Kh7 42. Kb2 h4 43. e7 Re6 44. Rd8 Rxe7 45. Rxd5 Kh6 46. Rd4 g5 47. Rxb4
h3 48. Rb6+ Kh5 49. Rb8 g4 50. Rh8+ Kg5 51. a4 Re2+ 52. Kb3 h2 53. a5 g3 54. a6
g2 55. a7 g1=Q 56. a8=Q Qb1+ 57. Kc4 Rc2+ 58. Kd4 Qg1+ 59. Ke5 Qe3+ 0-1

[Event "Women's Speed Chess Q2"]
[Site "chess.com INT"]
[Date "2020.06.19"]
[Round "9"]
[White "Rivera, Ingris"]
[Black "Hryzlova, Sofiia"]
[Result "1-0"]
[WhiteTitle "WIM"]
[WhiteElo "2249"]
[BlackElo "1940"]
[WhiteFideId "4402472"]
[BlackFideId "14174669"]
[EventDate "2020.06.19"]

1. d4 Nf6 2. c4 e6 3. Nc3 Bb4 4. Nf3 b6 5. Bg5 h6 6. Bh4 Bb7 7. e3 Bxc3+ 8. bxc3
g5 9. Bg3 Ne4 10. Rc1 Nxg3 11. hxg3 d6 12. Bd3 Nd7 13. e4 e5 14. Qd2 Qf6 15. c5
dxc5 16. Bb5 c6 17. Bc4 g4 18. Nh4 exd4 19. O-O O-O-O 20. cxd4 Qxd4 21. Qf4 Ne5
22. Nf5 Qb2 23. Rb1 Qc2 24. Rfc1 Qd2 25. Qxe5 Rhe8 26. Qf6 b5 27. Bxf7 Rf8 28.
Be6+ Kb8 29. Qe5+ Ka8 30. Rd1 Qxd1+ 31. Rxd1 Rxd1+ 32. Kh2 Rdd8 33. Nd6 c4 34.
Nxb7 Kxb7 35. Qg7+ Kb6 36. Bxg4 a5 37. e5 Rfe8 38. e6 b4 39. e7 Ra8 40. Qf7 c3
41. Bd7 Rxe7 42. Qxe7 a4 43. Qe3+ c5 44. Qe6+ Ka5 45. Qc6 Rb8 46. Qxc5+ Ka6 47.
Qc6+ Rb6 48. Qxa4+ Kb7 49. Qc2 Kc7 50. Bg4 Rd6 51. Bf3 Rd2 52. Qb3 Kb6 53. Qxb4+
Kc7 54. Qxc3+ Kb6 55. Qxd2 1-0

[Event "Women's Speed Chess Q2"]
[Site "chess.com INT"]
[Date "2020.06.19"]
[Round "9"]
[White "Tsukerman, Julia"]
[Black "Shafigullina, Zarina"]
[Result "1/2-1/2"]
[WhiteTitle "WCM"]
[BlackTitle "WFM"]
[WhiteElo "1523"]
[BlackElo "2296"]
[WhiteFideId "2621649"]
[BlackFideId "24174220"]
[EventDate "2020.06.19"]

1. e4 c5 2. Nf3 Nc6 3. d4 cxd4 4. Nxd4 Nf6 5. Nc3 e5 6. Ndb5 d6 7. Bg5 a6 8. Na3
b5 9. Nd5 Be7 10. Bxf6 Bxf6 11. c3 Bg5 12. Nc2 Rb8 13. Nce3 Bxe3 14. Nxe3 Be6
15. Be2 O-O 16. O-O g6 17. Bf3 Ne7 18. Nd5 Nxd5 19. exd5 Bd7 20. Qd2 f5 21. Be2
Rc8 22. b3 Qa5 23. Rac1 Rc7 24. Qb2 Rb8 25. Rfd1 Qb6 26. Qd2 a5 27. c4 a4 28.
Rb1 bxc4 29. Bxc4 axb3 30. Bxb3 Qa6 31. Rdc1 Rbc8 32. Rxc7 Rxc7 33. Rc1 Qc8 34.
Rc2 Bb5 35. Qc1 Rxc2 36. Qxc2 Qxc2 37. Bxc2 e4 38. Bb3 Kg7 39. f3 Kf6 40. Kf2
Ke5 41. fxe4 Kxe4 42. a4 Ba6 43. h3 Kd4 44. Kf3 Kc3 45. Bd1 Bc4 46. Kf4 Bxd5 47.
g4 Be4 48. a5 Kb4 49. a6 Kb5 50. Be2+ Kb6 51. gxf5 Bxf5 52. h4 Bc8 53. Kg5 d5
54. Kh6 Bxa6 55. Bd1 Bd3 56. Kxh7 d4 57. Kh6 Kc5 58. Kg5 Kb4 59. Kf4 Kc3 60. Ke5
Bb1 61. Kf4 Kd2 62. Bg4 d3 63. Kg5 Ke3 64. Kxg6 d2+ 65. Kg7 Kf4 66. Bd1 Ba2 67.
h5 Kg5 68. h6 Bb1 69. h7 Bxh7 70. Kxh7 Kf4 71. Ba4 Ke3 72. Bb3 Kf2 73. Ba4 Ke1
74. Bb3 d1=Q 75. Bxd1 1/2-1/2

[Event "Women's Speed Chess Q2"]
[Site "chess.com INT"]
[Date "2020.06.19"]
[Round "9"]
[White "Osmak, Iulija"]
[Black "Cori T., Deysi"]
[Result "0-1"]
[WhiteTitle "IM"]
[BlackTitle "WGM"]
[WhiteElo "2438"]
[BlackElo "2388"]
[WhiteFideId "14101602"]
[BlackFideId "3801934"]
[EventDate "2020.06.19"]

1. d4 Nf6 2. c4 e6 3. Nc3 Bb4 4. e3 O-O 5. Bd3 c5 6. Nf3 d5 7. O-O cxd4 8. exd4
dxc4 9. Bxc4 h6 10. a3 Be7 11. Bf4 Nc6 12. d5 Na5 13. Ba2 exd5 14. Nxd5 Nxd5 15.
Bxd5 Bf6 16. Rc1 Nc6 17. Qb3 Qb6 18. Qxb6 axb6 19. Bxc6 bxc6 20. Be5 Bxe5 21.
Nxe5 c5 22. Rfd1 Re8 23. Nc4 Rb8 24. f3 Ba6 25. Kf2 Re6 26. Re1 Rxe1 27. Kxe1
Re8+ 28. Kf2 Re6 29. Ne3 g6 30. Rc2 h5 31. Rd2 Kg7 32. Nd5 Bb7 33. Nc3 Bc6 34.
Re2 Rd6 35. Ke3 b5 36. Rd2 Re6+ 37. Kf2 b4 38. axb4 cxb4 39. Ne2 Ba4 40. Nd4 Rf6
41. Ne2 g5 42. Rd4 Rb6 43. Ng3 Kg6 44. Ne4 f6 45. Nc5 Bc2 46. Ke3 Bf5 47. Kd2
Rc6 48. Nd3 b3 49. Ke3 Rc2 50. g4 Bxd3 51. gxh5+ Kxh5 52. Rxd3 Rxb2 53. f4 g4
54. Ke4 Rxh2 55. Rxb3 Re2+ 56. Kf5 Rf2 57. Rb1 g3 58. Rh1+ Rh2 59. Rg1 Kh4 60.
Ke4 Kg4 61. Rc1 Re2+ 62. Kd3 Rf2 63. Ke3 Rxf4 64. Rg1 Rf3+ 65. Ke2 f5 66. Ke1
Ra3 67. Ke2 f4 68. Kd2 f3 69. Rb1 g2 70. Rb4+ Kg3 71. Rb1 Ra2+ 0-1

[Event "Women's Speed Chess Q2"]
[Site "chess.com INT"]
[Date "2020.06.19"]
[Round "9"]
[White "Zhukova, Natalia"]
[Black "Gokbulut, Julia"]
[Result "1-0"]
[WhiteTitle "GM"]
[BlackTitle "WFM"]
[WhiteElo "2328"]
[BlackElo "1970"]
[WhiteFideId "14101513"]
[BlackFideId "4153979"]
[EventDate "2020.06.19"]

1. c4 e5 2. Nc3 Nc6 3. Nf3 Nf6 4. e4 Bb4 5. d3 d6 6. a3 Bc5 7. b4 Bb6 8. Rb1 Nd4
9. Be2 O-O 10. O-O Nxf3+ 11. Bxf3 Bd4 12. Ne2 Bb6 13. d4 exd4 14. Nxd4 Re8 15.
Re1 a5 16. Bb2 axb4 17. axb4 Bd7 18. Qd2 Ra2 19. Qc3 c6 20. Qb3 Ra8 21. Nc2 Qc7
22. Bxf6 gxf6 23. Bh5 Re5 24. Qf3 Kg7 25. h4 Ra2 26. Ne3 Bxe3 27. Rxe3 Be6 28.
Bg4 Qd7 29. Bxe6 Qxe6 30. Qf4 h6 31. Rg3+ Kh7 32. Re1 Ra8 33. Rf3 Re8 34. Qxf6
Qxf6 35. Rxf6 Kg7 36. Rf4 d5 37. cxd5 cxd5 38. f3 dxe4 39. Rfxe4 Rxe4 40. Rxe4
Rc8 41. Re7 b5 42. Rb7 Rc4 43. Rxb5 Rxh4 44. Rb8 Rc4 45. b5 Rb4 46. b6 h5 47.
Kh2 Kf6 48. Kh3 Kf5 49. b7 f6 50. g4+ hxg4+ 51. fxg4+ Kf4 52. g5 Rb3+ 53. Kg2
Rb2+ 54. Kf1 Rb1+ 55. Ke2 Rb2+ 56. Kd3 Rb3+ 57. Kc4 Rb1 58. gxf6 Rc1+ 59. Kd5
Rd1+ 60. Ke6 Re1+ 61. Kf7 Rb1 62. Kf8 Kf5 63. Kg7 Kg5 64. f7 Rf1 65. f8=Q Rxf8
66. Rxf8 Kh5 67. b8=Q Kg5 68. Qb5+ Kg4 69. Qc4+ Kg3 70. Qd3+ Kg2 71. Rf3 Kg1 72.
Qf1+ Kh2 73. Rh3# 1-0

[Event "Women's Speed Chess Q2"]
[Site "chess.com INT"]
[Date "2020.06.19"]
[Round "9"]
[White "Chitlange, Sakshi"]
[Black "Divya, Deshmukh"]
[Result "0-1"]
[WhiteTitle "WIM"]
[BlackTitle "WIM"]
[WhiteElo "2167"]
[BlackElo "2305"]
[WhiteFideId "35002899"]
[BlackFideId "35006916"]
[EventDate "2020.06.19"]

1. d4 Nf6 2. Bf4 d5 3. e3 Bf5 4. Nf3 e6 5. Bd3 Bd6 6. Bg3 Bg6 7. O-O Bxg3 8.
hxg3 Bxd3 9. Qxd3 O-O 10. Nbd2 Nbd7 11. e4 dxe4 12. Nxe4 Nxe4 13. Qxe4 Nf6 14.
Qe2 Qd5 15. c3 Rad8 16. Rfe1 Qh5 17. Qe5 Qxe5 18. dxe5 Nd7 19. Rad1 Nc5 20. Nd4
a6 21. f4 Na4 22. Rd2 c5 23. Nf3 Rxd2 24. Nxd2 Nxb2 25. Rb1 Na4 26. Rxb7 Nxc3
27. Ra7 Nxa2 28. Rxa6 Nb4 29. Ra5 Rc8 30. Nc4 h6 31. Ra7 Nc6 32. Rb7 Nd4 33. Kf2
Ra8 34. Rc7 Ra2+ 35. Kg1 Nf5 36. Rxc5 Nxg3 37. Rc8+ Kh7 38. Nd6 Ne2+ 39. Kh1
Nxf4 40. Nxf7 Nxg2 41. Nd8 Nh4 42. Nxe6 Nf3 43. Nf8+ Kg8 44. Ng6+ Kf7 45. Rf8+
Kxg6 46. Rxf3 Re2 47. Rg3+ Kh7 48. Ra3 Rxe5 49. Ra7 Re2 50. Kg1 h5 51. Rb7 Rc2
52. Kh1 Kh6 53. Rb8 g6 54. Rb5 h4 55. Ra5 g5 56. Kg1 Kh5 57. Ra8 h3 58. Rh8+ Kg4
59. Ra8 Kh4 60. Ra3 Rd2 61. Kh1 Rc2 0-1

[Event "Women's Speed Chess Q2"]
[Site "chess.com INT"]
[Date "2020.06.19"]
[Round "9"]
[White "Kubicka, Anna"]
[Black "Linares Napoles, Oleiny"]
[Result "1-0"]
[WhiteTitle "WIM"]
[BlackTitle "WGM"]
[WhiteElo "2256"]
[BlackElo "2215"]
[WhiteFideId "1152254"]
[BlackFideId "3504794"]
[EventDate "2020.06.19"]

1. e4 d6 2. d4 Nf6 3. Nc3 g6 4. Nge2 Bg7 5. g3 O-O 6. Bg2 c6 7. O-O e5 8. h3 Na6
9. Be3 Re8 10. Qd2 exd4 11. Nxd4 Nc5 12. f3 a5 13. Rad1 Qe7 14. Rfe1 Bd7 15.
Nde2 Bf8 16. Bf4 d5 17. exd5 cxd5 18. Nxd5 Nxd5 19. Qxd5 Bc6 20. Qd2 Rad8 21.
Qc1 Rxd1 22. Qxd1 g5 23. Bd2 Qd6 24. Qc1 h6 25. Bxa5 Bb5 26. Nc3 Qxg3 27. Nxb5
Ne6 28. Qd2 Rc8 29. Bc3 Rc5 30. Nd4 Nf4 31. Kh1 Nxg2 32. Qxg2 Qh4 33. Re4 Qh5
34. Qg4 Qg6 35. Re8 f5 36. Rxf8+ Kxf8 37. Qg3 f4 38. Qe1 Rd5 39. Bb4+ Kg8 40. c3
Qf7 41. Qe7 Qxe7 42. Bxe7 Re5 43. Bc5 Re1+ 44. Kg2 Rb1 45. b4 Rb2+ 46. Kf1 Rxa2
47. Nf5 Kh7 48. Nd6 Rc2 49. Bd4 b6 50. Nc4 b5 51. Nd6 Rh2 52. Nxb5 Rxh3 53. Kf2
Rh2+ 54. Kg1 Rc2 55. Nd6 h5 56. b5 g4 57. fxg4 hxg4 58. b6 g3 59. Ne4 Rb2 60. c4
Rb4 61. c5 Kg6 62. Be5 Kf5 63. Nxg3+ Kxe5 64. Ne2 1-0

[Event "Women's Speed Chess Q2"]
[Site "chess.com INT"]
[Date "2020.06.19"]
[Round "9"]
[White "Starosta, Martyna"]
[Black "Putri, Regita Desyari"]
[Result "0-1"]
[WhiteTitle "WCM"]
[BlackTitle "WFM"]
[WhiteElo "2079"]
[BlackElo "1897"]
[WhiteFideId "21818754"]
[BlackFideId "7109083"]
[EventDate "2020.06.19"]

1. e4 e5 2. Nf3 Nc6 3. Bb5 a6 4. Ba4 Nf6 5. O-O Be7 6. Re1 b5 7. Bb3 d6 8. a4
Bb7 9. c3 O-O 10. d4 Re8 11. Bc2 Bf8 12. Nbd2 h6 13. Nf1 exd4 14. cxd4 Nb4 15.
Ng3 Nxc2 16. Qxc2 c5 17. d5 b4 18. Nf5 Qd7 19. b3 Nxd5 20. exd5 Rxe1+ 21. Nxe1
Bxd5 22. Ne3 Bc6 23. Qf5 Qb7 24. Bb2 Re8 25. Qg4 Re6 26. Nd3 Rg6 27. Qh3 d5 28.
Ne5 Rg5 29. Nxc6 Qxc6 30. f4 Rg6 31. Rf1 c4 32. f5 Rg5 33. bxc4 dxc4 34. Qf3 Qc5
35. Qd5 Qxd5 36. Nxd5 Bc5+ 37. Kh1 c3 38. Bc1 Rg4 39. f6 Rd4 40. Ne7+ Bxe7 41.
fxe7 Re4 42. h3 Rxe7 43. Bf4 b3 44. Bd6 Re4 45. a5 c2 46. Ba3 Rd4 47. Rc1 Ra4
48. Bb2 Ra2 49. Bc3 b2 50. Bxb2 Rxb2 51. Kh2 Kf8 52. Kg3 Ke7 53. Kf4 Kd6 54. Ke4
Kc5 55. Kd3 Kb4 56. g4 Kb3 57. Kd2 Ra2 58. h4 g6 59. Kd3 f5 60. gxf5 gxf5 61.
Kd2 f4 62. Rf1 Kb2 63. Rc1 Kb3 64. Rf1 Ra4 65. Rc1 Rd4+ 66. Ke2 f3+ 67. Kxf3 Rd1
68. Rxc2 Kxc2 69. Kg4 Ra1 70. Kf5 Rxa5+ 71. Kg6 Ra4 72. Kxh6 Rxh4+ 73. Kg5 Rd4
74. Kf5 a5 75. Ke5 Kc3 76. Ke6 a4 0-1

[Event "Women's Speed Chess Q2"]
[Site "chess.com INT"]
[Date "2020.06.19"]
[Round "9"]
[White "Sargsyan, Anna M."]
[Black "Rakhmangulova, Anastasiya"]
[Result "1-0"]
[WhiteTitle "WGM"]
[BlackTitle "WIM"]
[WhiteElo "2405"]
[BlackElo "2191"]
[WhiteFideId "13308130"]
[BlackFideId "14117479"]
[EventDate "2020.06.19"]

1. d4 d5 2. c4 c6 3. Nc3 Nf6 4. e3 a6 5. c5 Bf5 6. Nf3 Nbd7 7. Be2 e6 8. O-O Be7
9. h3 h6 10. Bd3 O-O 11. Bxf5 exf5 12. Ne2 Ne4 13. Ne1 Qc7 14. Nd3 b6 15. cxb6
Nxb6 16. b3 h5 17. Bb2 h4 18. Rc1 Qd6 19. Nef4 g5 20. Nh5 f6 21. Qf3 Qe6 22. Rc2
Rac8 23. Rfc1 Kf7 24. Nhf4 gxf4 25. Nxf4 Qd7 26. Qh5+ Kg7 27. Qg6+ Kh8 28. f3
Ng5 29. Qh6+ Nh7 30. Ng6+ Kg8 31. Qxh4 Rf7 32. a4 Rg7 33. Nxe7+ Qxe7 34. Qf4 Ng5
35. Kf2 Ne6 36. Qxf5 Rg5 37. Qd3 Qg7 38. g4 Qh6 39. Kg3 Rc7 40. Rxc6 Rh7 41. Rh1
Qh4+ 42. Kg2 f5 43. Rxe6 fxg4 44. Rg6+ Rxg6 45. Qxg6+ Rg7 46. Qe6+ Kf8 47. fxg4
Rf7 48. Qd6+ Kg8 49. Qg6+ Kf8 50. Rf1 Rxf1 51. Kxf1 Nd7 52. Qf5+ Nf6 53. Kg2 Kg7
54. Ba3 Ne4 55. Bd6 Qe1 56. Be5+ Kg8 57. Qg6+ Kf8 58. Qg7+ Ke8 59. Qg8+ Ke7 60.
Qg7+ Ke8 61. Qg6+ Ke7 62. Qf5 Qe2+ 63. Kh1 Qe1+ 64. Kg2 Qe2+ 65. Kg1 Qe1+ 66.
Qf1 Qxe3+ 67. Kh1 Ng3+ 68. Bxg3 Qxg3 69. Qe2+ Kd7 70. Qg2 Qe1+ 71. Kh2 Qa5 72.
Qf3 Qc7+ 73. Kg2 Qc2+ 74. Kg3 Qg6 75. Qf5+ Qxf5 76. gxf5 Ke7 77. Kf4 Kf6 78. h4
a5 79. h5 Kg7 80. Ke5 Kh6 81. Kxd5 Kxh5 82. Ke5 Kg5 83. d5 Kg4 84. d6 Kf3 85. d7
Ke3 86. d8=Q Ke2 87. f6 Ke1 88. f7 1-0

[Event "Women's Speed Chess Q2"]
[Site "chess.com INT"]
[Date "2020.06.19"]
[Round "9"]
[White "Karnaukhova, Elmira"]
[Black "Mohota, Nisha"]
[Result "1-0"]
[WhiteTitle "WGM"]
[BlackTitle "IM"]
[WhiteElo "2319"]
[BlackElo "2195"]
[WhiteFideId "4148827"]
[BlackFideId "5004330"]
[EventDate "2020.06.19"]

1. d4 Nf6 2. Bg5 d5 3. Nd2 c6 4. Bxf6 exf6 5. e3 Qb6 6. Qc1 Bd6 7. Ngf3 O-O 8.
Bd3 f5 9. g3 g6 10. c4 dxc4 11. Nxc4 Bb4+ 12. Nfd2 Qc7 13. O-O Nd7 14. Nf3 Bd6
15. Nxd6 Qxd6 16. Qc4 Nb6 17. Qc5 Qxc5 18. dxc5 Nd5 19. Rfd1 Be6 20. Nd4 Rfd8
21. a3 a5 22. Be2 Kg7 23. Bf3 Kf6 24. h4 Nc7 25. b4 Bd5 26. Be2 axb4 27. axb4
Be4 28. f3 Bd5 29. Rdb1 Rxa1 30. Rxa1 Ra8 31. Rxa8 Nxa8 32. Kf2 Nc7 33. Bd3 Ke5
34. Ne2 Ne6 35. Nc3 Bb3 36. f4+ Kf6 37. Kf3 Nc7 38. e4 fxe4+ 39. Nxe4+ Ke7 40.
Nd6 Nd5 41. b5 cxb5 42. Bxb5 Nb4 43. Ke4 Bd5+ 44. Kd4 Bg2 45. Bc4 Nc6+ 46. Ke3
Na5 47. Ba2 Bc6 48. Nxf7 Bd7 49. Ne5 Bb5 50. Bg8 Kf6 51. Bxh7 Nb3 52. Bxg6 Nxc5
53. g4 Ne6 54. g5+ Kg7 55. Be4 Nf8 56. Bxb7 Ba4 57. Be4 Be8 58. Kf3 Bh5+ 59. Kg3
Ne6 60. f5 Nc5 61. Kf4 Nxe4 62. Kxe4 Kf8 63. f6 Be8 64. Kf5 Bh5 65. g6 Kg8 66.
Nd7 Bd1 67. f7+ 1-0

[Event "Women's Speed Chess Q2"]
[Site "chess.com INT"]
[Date "2020.06.19"]
[Round "9"]
[White "Danielian, Elina"]
[Black "Aakanksha, Hagawane"]
[Result "1/2-1/2"]
[WhiteTitle "GM"]
[BlackTitle "WIM"]
[WhiteElo "2407"]
[BlackElo "2238"]
[WhiteFideId "13300210"]
[BlackFideId "25014510"]
[EventDate "2020.06.19"]

1. d4 Nf6 2. Bg5 c5 3. Bxf6 exf6 4. e3 d5 5. c3 Nc6 6. g3 Be6 7. Bg2 Qb6 8. Qd2
Rd8 9. Ne2 Be7 10. O-O O-O 11. Qc2 Qc7 12. Nd2 Qc8 13. dxc5 Bxc5 14. Nb3 Bb6 15.
Nf4 Bf5 16. Qd2 Ne7 17. Rfd1 Bc7 18. Qd4 Nc6 19. Qd2 Ne7 20. Nd4 Bxf4 21. exf4
Bh3 22. Re1 Ng6 23. Qd1 Bxg2 24. Kxg2 Rfe8 25. Qf3 Qc5 26. Rad1 Rxe1 27. Rxe1 b5
28. a3 a5 29. Nb3 Qb6 30. Qe3 Qc7 31. Qc5 Qxc5 32. Nxc5 h6 33. Nb3 b4 34. cxb4
axb4 35. a4 Ra8 36. a5 Kf8 37. Rd1 Ne7 38. Rd4 Rb8 39. g4 Ke8 40. h4 Kd7 41. a6
Kc6 42. Rd1 Ra8 43. Ra1 Kb6 44. Ra4 Nc6 45. Kf3 Rxa6 46. Rxa6+ Kxa6 47. Ke3 Kb5
48. Kd3 Kb6 49. f3 Kc7 50. Nc5 Kd6 51. Nb7+ Kc7 52. Nc5 Kd6 53. Nb7+ Ke7 54. Nc5
g6 55. Na6 Kd6 56. Ke3 h5 57. Kd3 f5 58. gxh5 gxh5 59. Ke3 f6 60. Kd3 Ke6 61.
Nc5+ Kd6 62. Nb3 Ke6 63. Nd2 Kd6 64. Nf1 Ne7 65. Ng3 Ng6 66. Nxf5+ Kd7 67. Ng3
Nxf4+ 68. Kd4 Ng6 69. Nxh5 Nxh4 70. Nxf6+ Ke6 71. Nxd5 Nxf3+ 72. Kc5 Nd2 73.
Nxb4 Kd7 74. Kd4 Kc7 75. Nd5+ Kc6 76. Nb4+ Kb5 77. Nc2 Ka4 78. Kc3 Ne4+ 79. Kc4
Nd6+ 80. Kd4 Kb3 81. Ne3 Kxb2 1/2-1/2